000 02686cam a2200313 4500500
005 20260322012139.0
041 _afre
042 _adc
100 1 0 _aSimon, Gérard
_eauthor
245 0 0 _aLe problème inverse de Lévi-Strauss
260 _c2007.
500 _a100
520 _aRésuméClaude Lévi-Strauss a pu parler dans La Pensée sauvage, à propos des sociétés dites primitives et de leurs savoirs, d’une « science du concret », en insistant sur le côté à la fois utilitaire et spéculatif de leur manière de penser. Il pose ainsi une question non résolue sur les rapports entre nos sciences et les savoirs qui leur préexistent. Par quels processus sommes-nous passés à un nouveau mode de connaissance qui pourrait s’appeler, par antinomie avec cette « science du concret », une science de l’abstrait ? J’évoquerai successivement le rôle pionnier de l’abstraction mathématique, la persistance de savoirs ésotériques, les fonctions des philosophies de la nature, et enfin les contextes d’apparition de différentes sciences. Considérations qui permettent de lever certaines méprises sur leur histoire.
520 _aThe inverse problem of Lévi-StraussIn The Savage mind Claude Lévi-Strauss could speak of « a concrete science » in reference to primitive societies and their knowledge ; he emphasized both a practical and a theoretical aspect in their way of thinking. He thus raised an unsolved question about the relations between our modern sciences and the different sorts of knowledge that preceded them. By what process have we come to acquire a new sort of knowledge, which could be called, by contrast to this « concrete science », an abstract one ?I shall successively evoke the pioneering role of mathematical abstraction, despite its coexistence with esoteric forms of knowledge, the functions of natural philosophies, and the various cultural contexts in which the different sciences appear. I hope these considerations will clear up some misunderstandings concerning their history.
690 _aabstraction mathématique
690 _ahistoire des sciences
690 _apensée sauvage
690 _aphilosophies de la nature
690 _asavoirs
690 _asciences
690 _aforms of knowledge
690 _ahistory of science
690 _amathematical abstraction
690 _anatural philosophies
690 _aprimitive ways of thinking
690 _asciences
786 0 _nRevue d'histoire des sciences | 60 | 1 | 2007-08-01 | p. 237-246 | 0151-4105
856 4 1 _uhttps://shs.cairn.info/revue-d-histoire-des-sciences-2007-1-page-237?lang=fr&redirect-ssocas=7080
999 _c1770438
_d1770438